000 00640nam a2200241Ia 4500
003 OSt
005 20220928110051.0
006 a|||||r|||| 00| 0
007 ta
008 220927b |||||||| |||| 00| 0 eng d
024 _a45316
037 _cTextual
040 _aSDCL
_cSDCL
_beng
041 _2eng
_aeng
082 _aO152,1L63,1, J3
100 _aBrajratan das
_9417975
245 0 _aPrem sagar.
260 _aKashi
_bNagaripracharni Sabha.
_c1953
300 _a424p.
_ccm.
490 _aNagaripracharni garnthwali.27.
942 _hO152,1L63,1, J3
_cTEXL
_2CC
999 _c733966
_d733966